[Event "Corus"]
[Site "Wijk aan Zee"]
[Date "2009.01.19"]
[Round "3"]
[White "Ivanchuk, Vassily"]
[Black "Radjabov, Teimour"]
[Result "0-1"]
[WhiteElo "2779"]
[BlackElo "2761"]
[Annotator "Krasenkow,M"]
[PlyCount "82"]
[EventDate "2009.01.17"]
[EventType "tourn"]
[EventRounds "13"]
[EventCountry "NED"]
[EventCategory "19"]
[SourceTitle "CBM 129"]
[Source "ChessBase"]
[SourceDate "2009.03.25"]
[SourceVersion "1"]
[SourceVersionDate "2009.03.25"]
[SourceQuality "1"]

1. d4 Nf6 2. c4 g6 3. Nc3 Bg7 4. e4 d6 5. Be2 O-O 6. Nf3 e5 7. O-O Nc6 8. d5
Ne7 9. b4 Ne8 {This move looks clearly inferior to 9...Nh5 but GM Teimour
Radjabov definitely had his own plan.} 10. a4 (10. c5 {is obvious and
straightforward but White probably wanted to evade Black's preparation.}) 10...
f5 11. a5 {At first sight - quite slow.} Nf6 12. Bg5 $146 {[%mdl 8] This
typical KI move is unusual in this position.} (12. a6 b6 13. c5 fxe4 14. cxd6
cxd6 15. Nd2 Kh8 16. Nc4 $6 (16. Ndxe4 Nexd5 $13) 16... Nf5 17. Be3 Bd7 18. Qd2
Rc8 19. Rac1 Be8 20. Na3 Bf7 21. Ncb5 Qd7 22. Rxc8 Rxc8 23. Rc1 Rxc1+ 24. Qxc1
Nxd5 $17 {0-1 Steiner,T (2134)-Yanayt,E (2255)/Tulsa 2008/CBM 123 Extra (48)})
(12. Nd2 Bh6 (12... f4 13. c5 g5 14. g4 Ng6 15. f3 h5 16. h3 Rf7 17. Rf2 Bf8
18. Ba3 Rh7 19. Nf1 Be7 20. Rc1 Qf8 21. Nb5 Ne8 22. c6 bxc6 23. Rxc6 Bd8 24.
Nc3 $36 {1-0 Miroshnichenko,E (2615)-Nataf,I (2553)/Kapuskasing 2004/CBM 101
ext (76)}) 13. c5 Bxd2 14. Bxd2 Nxe4 15. Nxe4 fxe4 16. Bg5 Qe8 17. Rc1 Nf5 $132
18. Rc3 $6 Bd7 19. Qd2 Nd4 20. Re1 Bb5 $15 {0-1 Epishin,V (2465)-Akopian,V 
(2520)/Tbilisi 1989/CBM 012 (37)}) 12... Nh5 $5 {The knight finally goes to h5.
What about the time wasted?} (12... fxe4 13. Nd2 {or}) (12... Nxe4 13. Nxe4
fxe4 14. Nd2 h6 (14... Bf5 15. g4 $1) 15. Bxe7 Qxe7 16. Nxe4 {leads to a
typical situation when White controls the e4-square - and then the advance of
his queenside pawns will be very important!}) (12... h6 $5 13. Bxf6 Rxf6 14.
Qd3 {[%cal Yf3d2,Yc4c5]}) 13. exf5 $5 gxf5 (13... Bxf5 14. Qd2 Nf4 15. Bxf4
exf4 16. Rfe1 $14) 14. Qd2 {[%cal Rf3e5]} Nf6 15. c5 {Black's knight
manoeuvres (it has made 5 moves!) has brought White a considerable development
advantage.} Bd7 16. b5 Be8 17. c6 {This is a potential queen!} b6 18. Nh4 {
White must attack Black's second weakness - the f5 pawn, otherwise he will not
be able to break through on the queenside.} Bf7 19. Bd3 Bg6 20. f3 Qe8 21. Kh1
Kh8 22. Bc2 Qf7 23. g4 $5 {Taking an opportunity but maybe it was more
sadistic to continue the torture by} (23. Ra4 $5) 23... Nfg8 (23... fxg4 24.
Nxg6+ Nxg6 25. fxg4 Nf4 $5 26. Bxf4 exf4 27. Bf5 $1 $16 (27. Qxf4 $143 Qg8 28.
Qd2 Nxg4)) 24. Ra4 Rae8 (24... fxg4 25. Nxg6+ hxg6 26. Rxg4 Nf6 27. Bxf6 Bxf6
28. Rfg1 $16) 25. axb6 axb6 26. Ra7 (26. Nxg6+ $142 $5 Qxg6 (26... hxg6 $2 27.
gxf5) 27. Ra7) 26... Rc8 27. Nxg6+ Qxg6 (27... hxg6 $5) 28. Rg1 $6 {This rook
should protect the f-file!} (28. Be3 $142 {[%cal Rg4g5,Rf3f4]} Qf7 29. h3 {
and White must gradually break up Black's defence.}) 28... Qf7 29. Rg3 e4 {Or}
(29... fxg4 $5 30. Qd3 $140 Bh6 {and Black frees himself.}) {Both players were
under time pressure (especially Ivanchuk); hence inaccurate play.} 30. Ne2 (30.
gxf5 Nxf5 31. Rh3 exf3 32. Rxf3 Qh5 $1 $13) 30... Nf6 (30... Qxd5 $5 31. Qxd5
Nxd5 32. fxe4 Nb4 33. Bb1 fxe4 (33... fxg4 34. Kg1 $1 {[%csl Rb4][%cal Rg5d2]})
34. Bxe4 Rce8 35. Bf3 Nd3 36. Rxc7 Be5 $132) 31. Nf4 exf3 32. gxf5 Nfxd5 33.
Rxf3 Nxf4 34. Qxf4 Bf6 35. Bb3 Qh5 36. Bxf6+ Rxf6 37. Be6 $6 (37. Bc2 $13)
37... Rcf8 38. Rxc7 $4 {[%mdl 8192] Of course, a blunder but it was far from
easy for White to find his salvation:} (38. Rg3 $3 Nxf5 (38... Rxe6 39. fxe6
Qd5+ 40. Kg1 Qd1+ 41. Kg2 $11) 39. Bxf5 Rxf5 40. Qd4+ Re5 41. Rxc7 Rf1+ 42. Kg2
Qe2+ 43. Kh3 Rf8 44. Qa1 $1 {and Black has no mate, just a perpetual.}) 38...
Rxe6 39. fxe6 Rxf4 40. Rxf4 Qd5+ 41. Kg1 Qg5+ 0-1

[Event "Corus"]
[Site "Wijk aan Zee"]
[Date "2009.01.22"]
[Round "5"]
[White "Van Wely, Loek"]
[Black "Radjabov, Teimour"]
[Result "1-0"]
[WhiteElo "2625"]
[BlackElo "2761"]
[Annotator "Van Wely,L"]
[PlyCount "61"]
[EventDate "2009.01.17"]
[EventType "tourn"]
[EventRounds "13"]
[EventCountry "NED"]
[EventCategory "19"]
[SourceTitle "CBM 129"]
[Source "ChessBase"]
[SourceDate "2009.03.25"]
[SourceVersion "1"]
[SourceVersionDate "2009.03.25"]
[SourceQuality "1"]

1. d4 {Chapter 6, of what it seems, has become a principled battle. I don't
know if we (=Me and Teimour Radjabov) have already passed the point of no
return, but we are in pretty deep.... Personally I prefer to lose the game
than to lose face, but ok I need to admit I am neither a politican nor
pragmatic (=maybe not clever too). My last hope is that Teimour will come back
to his senses! But what can he do? He scores so well with Black in the King's
Indian, you can call it a living. I understand and respect his choice. But are
we now in Zugzwang or is it stalemate?} Nf6 2. c4 g6 3. Nc3 Bg7 4. e4 d6 5. Nf3
O-O 6. Be2 e5 7. O-O Nc6 8. d5 Ne7 9. b4 Nh5 10. Re1 f5 11. Ng5 Nf6 12. f3 Kh8
13. Rb1 {This was first played by Ruslan Ponomariov against Teimour in Wijk
aan Zee 2003. but in 6 years our silicon friends(?) have become significantly
stronger, so apart from the fact that I did have some ideas, if he hadn't
updated his analysis or had simply forgotten his analysis, he already might
have a serious problem} (13. Ne6 $5 {I introduced this move in the World Cup
2005 in Khanty-Mansiysk against Teimour.} Bxe6 14. dxe6 Re8 $1 {is now the
latest word in this line. In the game between Grischuk and Radjabov White
didn't even come close to anything and even had to fight for a draw. Now it's
White to move here.} (14... fxe4 $6 15. fxe4 Nc6 16. Nd5 Nxe4 17. Bf3 Nf6 18.
b5 {And Black was under heavy pressure, later 1-0, van Wely-Radjabov,
Khanty-Mansiysk 2005}) (14... Nh5 {A month later, Teimour came up with this
move} 15. c5 {Another 2 months later while playing blindfold in Monaco, I
improved but it wasn't enough; all respect to Teimour for defending this
position blindfold.} (15. g3 Bf6 16. c5 (16. exf5 $1 {coming from the kitchen
of Erwin L'Ami, and indeed it looked pretty dangerous, at least nasty enough
to make Teimour refrain further from the move Nh5 and look for other options.}
Nxf5 17. g4 e4 18. Nxe4 Bxa1 19. Bg5 Bd4+ 20. Kh1 Qe8 21. e7 Nxe7 22. Qxd4+ Ng7
23. b5 {with a dangerous initiative for White in Cheparinov-Radjabov, Sofia
2008, later the game ended in a draw}) 16... f4 17. g4 $5 (17. Kg2 $6 {and
later 0-1 in van Wely-Radjabov, Wijk aan Zee 2006}) 17... Ng7 {and although
here things are not so clear, Teimour went on to win in a nice game versus
Alexei Shirov in Wijk aan Zee 2006}) 15... Nf4 16. Bc4 fxe4 17. Rxe4 Nf5 (17...
d5 $2 18. Bxf4 dxe4 19. Bg5 $44) 18. Bxf4 (18. g3 {another attempt from my
side to go for the kill, but although Teimour was again surprised, it
backfired again} Nh3+ 19. Kg2 Ng5 20. Rg4 Nxf3 21. Kxf3 e4+ 22. Nxe4 Bxa1 23.
Bg5 Ne7+ 24. Kg2 Be5 25. Rf4 $6 {and later 0-1 in van Wely-Radjabov, Biel 2007}
) 18... exf4 19. Nd5 Re8 20. Nxf4 c6 21. e7 Rxe7 22. Ne6 Qb8 23. Nxg7 Rxg7 24.
cxd6 Nxd6 $11 {but later even 0-1})) 13... h6 (13... Nh5 14. c5 Nf4 15. Bc4 {
would have transposed to the game Bareev-Radjabov Wijk aan Zee 2003, in which
our friend Evgeny won in a very nice style}) 14. Ne6 Bxe6 15. dxe6 fxe4 16.
fxe4 Nc6 17. Nd5 Ng8 18. Bd3 Nd4 19. Qg4 g5 20. h4 {The first new move,
although, what is "new" these days? This move had already been suggested and
also is Rybka's first choice, so it shouldn't have come as a surprise.} Nf6 21.
Qg3 gxh4 $2 {A big step in the wrong direction.} ({Critical was} 21... Nxe6 22.
hxg5 Nxd5 23. gxh6 Bf6 (23... Ndf4 24. hxg7+ Nxg7 25. Qh2+ Kg8 26. Bxf4 Rxf4
27. c5 Rh4 28. Qg3 $14) 24. exd5 Bh4 25. Qg4 $44) 22. Qxh4 Nxe6 23. Bxh6 Kg8 $2
{Asking for a serious spanking.} (23... Nh7 $142 {and now White has to chose,
either to play for the attack, or take a small, but nice plus into the endgame.
} 24. Bxg7+ (24. Qxd8 Raxd8 25. Be3 $14) 24... Kxg7 25. Qg4+ Nhg5 26. Rf1 $40)
24. Qh3 $1 {Forcing Black to take on h6.} Bxh6 25. Qxh6 c6 26. Re3 $1 {It
looked simply too good!} Kf7 $1 {Setting a nice trap .} (26... cxd5 27. exd5 $1
Ng7 28. Rg3 Qc7 29. Bg6 {with unpleasant associations for Black...}) 27. Rf1 $1
{Staying focussed on the attack and not letting myself to be bought off by a
queen.} (27. Nxf6 Qxf6 28. Rf3 (28. Rf1 Nf4 29. Qxf6+ Kxf6 30. g3 Rg8 31. Kh2
Rh8+) 28... Qxf3 29. gxf3 ({trying to be smart with} 29. Qh7+ {doesn't work:}
Ng7 30. gxf3 Rh8 {trapping the queen}) 29... Rh8 30. Qc1 Nf4 {although
objectively speaking White might still be winning here, this is not the kind
of turnaround I wanted to allow.}) 27... cxd5 28. exd5 Ke7 29. dxe6 Kxe6 {
I myself have had a lot of experience with kings on e6, usually it didn't
finish well.....} 30. Ref3 a5 31. Be4 1-0

[Event "Corus"]
[Site "Wijk aan Zee"]
[Date "2009.01.23"]
[Round "6"]
[White "Radjabov, Teimour"]
[Black "Kamsky, Gata"]
[Result "1-0"]
[WhiteElo "2761"]
[BlackElo "2725"]
[Annotator "Radjabov,T"]
[PlyCount "81"]
[EventDate "2009.01.17"]
[EventType "tourn"]
[EventRounds "13"]
[EventCountry "NED"]
[EventCategory "19"]
[SourceTitle "CBM 129"]
[Source "ChessBase"]
[SourceDate "2009.03.25"]
[SourceVersion "1"]
[SourceVersionDate "2009.03.25"]
[SourceQuality "1"]

1. e4 c6 2. d4 d5 3. Nc3 dxe4 4. Nxe4 Bf5 5. Nc5 {:) Black has a lot of
possibilities, but Kamsky chooses ...b6.} b6 6. Nb3 (6. Bd3 $6 Qxd4 $1 (6...
Bxd3 7. Nxd3 Qxd4 8. Nf3 Qd8 (8... Qe4+ 9. Be3 $44) 9. O-O Nd7 10. c4 {[%cal
Gd1a4]}) 7. Bxf5 (7. Be3 Qf6 $15) 7... Qe5+ 8. Be4 Qxc5 9. Nf3 Nf6 10. Bd3 Nbd7
11. O-O e6 $15) 6... e6 7. Nf3 Nf6 8. g3 Nbd7 9. Bg2 Qc7 {Black develops
logically, now the position becomes interesting as White has to find some plan.
} 10. O-O Rd8 11. Qe2 $5 Bd6 12. Re1 O-O 13. Nh4 (13. Ne5 $5 Nxe5 {This
doesn't work here.} (13... Nd5 14. Bd2 a5 15. c4 Nb4 16. Bxb4 Bxb4 17. Red1
Nxe5 18. dxe5 $14) 14. dxe5 Bxe5 15. Qxe5 Qxe5 16. Rxe5 Rd1+ 17. Bf1 Bxc2 18.
Kg2 $16 (18. f3 $5 a5 {and here at least Black's rook is still on d1!}) 18...
Rfd8 19. Be2 Bxb3 20. axb3 Re1 21. f4 $1 $18) 13... Bg4 14. Qc4 Nd5 15. Bg5 Rc8
16. a4 {Now trying to stop the b5-move and even preparing a5 himself; White is
able to have a playable middlegame with interesting chances.} b5 (16... a5 $5
17. c3 $14) 17. Qd3 $1 {Now it's not easy to prevent c3 and the Nd2-e4
manoeuvre, so Kamsky starts fast counterplay on the queenside by improving the
d7 knight's position.} N7b6 $6 (17... h6 18. Bd2 b4 19. h3 Bh5 20. c4 bxc3 21.
bxc3 $14) 18. Nc5 $1 h6 (18... Nxa4 19. Nxa4 bxa4 20. c4 $16) (18... Bxc5 $2
19. dxc5 Nxa4 20. Qd4 Bh5 21. c4 f6 22. cxd5 fxg5 23. d6 Qd7 24. Re5 $18) 19.
Bd2 $5 (19. Bc1 {was a very strong alternative too. Now White is also much
better.} b4 $8 20. c4 bxc3 21. bxc3 $16) 19... Nc4 {This additional
possibility would not be possible after 19.Bc1.} 20. axb5 (20. Bc3 $6 g5 21.
axb5 $1 Nxc3 22. Qxc4 Ne2+ 23. Rxe2 cxb5 24. Qxb5 Bxe2 25. Qxe2 Bxc5 26. dxc5
$14) (20. Bc1 $5 $16 {was a great move!}) 20... cxb5 21. h3 Bh5 (21... Bxc5 22.
dxc5 Bh5 23. g4 $16 (23. Bxd5 Nxd2 24. Qxd2 Rfd8 25. Qa5 Rxd5 26. b4 $16)) 22.
Bxd5 $1 exd5 23. Bc3 $1 {Now b3 is a threat, so Black has to prepare the
knight's retreat to e5.} (23. g4 Bxc5 24. dxc5 Bg6 25. Nxg6 fxg6 26. Qxd5+ Kh7
$11) 23... Rfe8 $1 24. b3 Ne5 (24... Rxe1+ $5 25. Rxe1 Ne5 26. Qf5 $1 (26. dxe5
Bxc5 27. g4 Be7 28. Nf5 Bg6 29. Bd4 $14) (26. Qxb5 g5 27. Na4 Nf3+ 28. Nxf3
Bxf3 29. Re3 Be4 30. Qe2 $16 Qd7 {The position is still very playable here.})
26... g6 (26... Bg6 27. Nxg6 Nxg6 28. b4 $16) 27. Qf6 Nd7 (27... Nc6 28. Nxg6
$3 fxg6 (28... Bxg6 29. Ne6 fxe6 30. Qxg6+ Kh8 31. Qxh6+ Qh7 32. Rxe6 $18 Be7
33. Rxc6 Qxh6 34. Rxh6+ Kg7 35. Re6 Kf7 36. Re3 b4 37. Rxe7+ Kxe7 38. Bxb4+ $18
) 29. g4 Rf8 30. Qe6+ $18) 28. Nxd7 Qxd7 29. Bd2 $16 Rc6 (29... Bf8 30. Bxh6 $1
$18 (30. g4 Rc6 31. Qf3 g5 32. gxh5 gxh4 33. Re5)) (29... Kh7 30. g4 Rc6 31.
Qf3 g5 32. Qd3+ $18) 30. Bxh6 Bf8 31. Qg5 $3 (31. Qf4 Bb4 32. Ra1 Bd6) 31...
Bb4 (31... f6 32. Qd2 g5 33. Bxg5 $18 (33. Bxf8 $18)) 32. c3 $3 f6 33. Qf4 Bxc3
34. Qb8+ Rc8 35. Re7 $3 $18) 25. Qxb5 Bxc5 (25... g5 $1 {This was the best
defence!} 26. Nd3 (26. b4 $2 gxh4 27. dxe5 Bxc5 28. bxc5 Qxc5 29. Qxc5 Rxc5 30.
Bd4 Rxc2 31. g4 Bg6) (26. Ba5 $14 Qb8 27. Qxb8 Bxb8 28. f4 Nc6 (28... gxh4 29.
fxe5 Bxe5 30. Rxe5 Rxe5 31. dxe5 Rxc5 32. g4 (32. c3 hxg3 33. Kg2 Bg6 34. Kxg3
Bc2 35. Ra3) 32... Bg6 33. c3 Bc2 34. Ra3) 29. Rxe8+ Rxe8 30. Ng2 Nxd4 31. Nd7
$18) 26... Qxc3 27. dxe5 $14) 26. Qxc5 (26. dxc5 $1 g5 27. f4 $5 (27. Qa6 $4 {
This would spoil all his efforts. So 2 other moves are better.} gxh4 28. Bxe5
Rxe5 $3 29. Rxe5 Qxe5 30. Qxc8+ Kh7 $11) (27. Bxe5 $5 Rxe5 28. Ng2 $16) 27...
gxf4 (27... f6 28. fxe5 gxh4 29. b4 fxe5 30. Qa6 d4 31. Qxh6 $18) 28. gxf4 Qd8
29. Rxe5 Rxe5 30. Bxe5 Qxh4 31. Qd3 Rxc5 32. Rxa7 Qe1+ 33. Kg2 $18) 26... Qd7
27. Qxa7 (27. Rxa7 $1 {was even cleaner!} Qxh3 (27... Qd8 28. Qa5 $18 Qxa5 29.
Rxa5 Rxc3 30. Rxd5 Rxc2 31. Rexe5 $18 Rxe5 32. Rxe5 g5 33. Nf5 $18) 28. Qxd5
Rxc3 (28... Ng4 29. Rxe8+ Rxe8 30. Qg2 Qxg2+ 31. Nxg2 Rc8 32. Bb4 Rxc2 33. Nf4
Bg6 34. Nxg6 fxg6 35. d5 Rc8 36. d6 Rd8 37. Bc5 Nf6 38. b4 $18) 29. Rxe5 Rxe5
30. dxe5 Rxc2 31. Ra8+ Kh7 32. Qd3+ Bg6 33. Rh8+ Kxh8 34. Nxg6+ $18) 27... Qxa7
28. Rxa7 Nf3+ 29. Nxf3 Bxf3 30. Rxe8+ Rxe8 31. b4 (31. Ra2 $5 $16) 31... Bd1 (
31... Rc8 32. Ra3 Be2 33. Kg2 f6 34. g4 Kf7 {and here Black still has some
chances.}) 32. Ra2 Rc8 33. b5 $1 Rb8 (33... Rxc3 34. b6 $18) 34. Rb2 f6 35. Ba5
Be2 36. b6 Rb7 37. Rb1 $1 Kf7 38. Bd2 g5 39. Bc1 $3 $18 Bf3 40. Ba3 Be4 41. Bd6
{And after 42.Bc7 White is playing with an exchange up and is totally winning.}
1-0

[Event "Corus"]
[Site "Wijk aan Zee"]
[Date "2009.01.30"]
[Round "11"]
[White "Wang, Yue"]
[Black "Radjabov, Teimour"]
[Result "0-1"]
[WhiteElo "2739"]
[BlackElo "2761"]
[Annotator "Radjabov,T"]
[PlyCount "128"]
[EventDate "2009.01.17"]
[EventType "tourn"]
[EventRounds "13"]
[EventCountry "NED"]
[EventCategory "19"]
[SourceTitle "CBM 129"]
[Source "ChessBase"]
[SourceDate "2009.03.25"]
[SourceVersion "1"]
[SourceVersionDate "2009.03.25"]
[SourceQuality "1"]

1. d4 Nf6 2. c4 g6 3. Nc3 Bg7 4. e4 d6 5. Nf3 O-O 6. Be2 e5 7. Be3 Ng4 8. Bg5
f6 9. Bh4 g5 10. Bg3 Nh6 {For the second time in a few months I have met this
system vs Wang Yue. Last time in the FIDE GP in Elista. Now the theory is too
heavy here to give an express view, so I will go through the game.} 11. d5 Nd7
12. O-O f5 13. exf5 Nxf5 (13... Nc5 14. Qd2 g4 {was played in
Kasimdzhanov-Cheparinov from Elista GP and White got a very big advantage soon.
}) 14. Nd2 {Occupying the e4-square.} Nd4 15. Nde4 h6 {Preparing ...Nf6} 16.
Bg4 b6 {Now I wanted to put my knight to c5 somehow in order to take back with
the b-pawn after an exchange.} 17. f3 (17. Be6+ Kh8 18. Qh5 {looks beautiful,
but it's just bad :)} Nf6 (18... Nxe6 19. dxe6 Nc5 20. Nxc5 bxc5 21. Rad1 Kh7
$15) 19. Nxf6 Bxe6 20. dxe6 Rxf6 21. e7 Qd7 {With ...Re6 to follow and just a
very fine position for Black.}) 17... Nc5 18. Bxc8 Qxc8 19. Bf2 (19. Nxc5 bxc5
{and with ...Qf5 and ...h5 Black seems to be just fine.}) 19... Qd7 (19... Qe8
{with the intention to play ...Qg6 was quite interesting.}) (19... Qf5 $5) 20.
Ng3 {Now Wang starts a plan for domination. But it didn't work as we will see.}
a5 21. Nce2 Nf5 $1 (21... Rxf3 $4 {Too early for such an attack.} 22. gxf3
Nxf3+ 23. Kh1 Qh3 24. Bg1 {And White protects vs all threats, now the only
chance is to go for central play but...} e4 25. Nc3 $1 Be5 26. Qe2 $1 Bxg3 27.
Rxf3 exf3 28. Qxf3 {and White ends with a piece up and a winning position.}) (
21... Nxe2+ 22. Qxe2 $14 {and here Black is a tempo or even two tempi down
compared to the game as the knight is already on g3 and White's queen is on e2,
when Black's d7-queen is too far away from the action arena.}) 22. Nxf5 Qxf5
23. Ng3 (23. Bxc5 bxc5 24. Ng3 {To avoid the Qd3 possibility as the knight on
c5 has already been taken. But here Black may go for} Qg6 {The same as in the
game, so we will explore this position after Wang's Ng3 anyway. I prefer the
queen on g6 here rather than the pseudo-active f4 position.} (24... Qf4 25. Ne4
$1 Qe3+ 26. Kh1 Rab8 27. Qc2 a4 28. Rad1 Rb4 29. Rfe1 Qf4 $14 {I dont see a
real plan for White here for example} 30. Re2 h5 31. Rde1 Qf5 32. Kg1 Rfb8 33.
Qc3 Qf4 (33... h4 $6 34. h3 Kh7 35. a3 Rb3 36. Qa5 $16) 34. a3 R4b6 35. Qa5 g4
36. fxg4 Qxg4 37. Rf2 Qd7 {with ...Rb3-d3 to follow and nice counterplay.}))
23... Qg6 (23... Qd3 $5 {This is a very interesting idea to let White go to
the endgame and still Black seems very ok.} 24. Bxc5 Qxd1 25. Raxd1 bxc5 26.
Ne4 Rab8 27. Rd2 Rb4 28. Rc2 Rfb8 29. Rb1 Ra4 $11) 24. Bxc5 bxc5 25. Qb1 (25.
Ne4 g4 26. Qe2 gxf3 (26... Rf4 27. Rae1 Rb8 28. b3 h5 29. fxg4 Qxg4 30. Qxg4
hxg4 31. Nc3 Kh7 32. Nb5 a4 33. Rxf4 exf4 34. Re7 Kg6 35. Rxc7 Bd4+ (35... axb3
36. axb3 Be5 $11) 36. Kf1 axb3 37. axb3 Rh8 $11 (37... Be5 $13)) 27. Rxf3 Rxf3
(27... Rf4 28. Re1 Raf8 29. Rg3 Qf5 30. h3 Kh7 $13) 28. Qxf3 h5 29. Qd3 Rf8 30.
Re1 Rf4 31. b3 h4 $11 (31... Qg4)) (25. Qe2 {Black has a lot of good
possibilities.} Rf4 $5 (25... e4 26. fxe4 {and with knight to f5 coming, it is
not easy to play with Black here.}) 26. Ne4 g4 27. Rae1 a4 28. fxg4 Rxg4 29. g3
Rf4 30. Kh1 Rff8 31. Qd3 h5 32. Kg2 Rab8 (32... h4 33. Rxf8+ Rxf8 34. Nxc5 h3+
35. Kg1 e4 (35... Qxd3 36. Nxd3 Rf3 37. Nf2 a3) 36. Nxe4 Bxb2 37. Rf1 Rb8 $1
$44) 33. Rxf8+ Bxf8 34. Re2 Kg7 35. h3 Be7 36. Qc2 Rb4 $11 (36... h4 37. g4 Bg5
$11)) 25... Qxb1 $1 (25... e4 $5 26. fxe4 Rxf1+ 27. Qxf1 Bxb2 28. Rb1 Rb8 29.
Nf5 {and it's really more pleasent to play with White here. Still the position
remains about equal, I think the way I chose in the game was better.}) 26.
Raxb1 e4 $3 {A very interesting idea! Now Black's structure is totally bad for
the endgame, all his pawns are on dark squares (the colour of his bishop) and
Black is a pawn down! But he is slightly better!} (26... Rab8 $11) 27. Nxe4 (
27. fxe4 Bd4+ 28. Kh1 Rxf1+ 29. Rxf1 Bxb2 $15 {with ...Rb8-b4 to follow}) 27...
Bd4+ 28. Kh1 a4 (28... Rfb8 $5 29. b3 a4 {was quite good too! The position is
equal objectively, but Black might press here.}) 29. h4 (29. Rfc1 $1 Rfb8 30.
Nc3 Rb4 31. b3 axb3 (31... Bxc3 32. Rxc3 Re8 33. Kg1 Re2 34. Ra1 Rb8 $15) 32.
axb3 Ra3 33. Nb5 Raxb3 34. Rxb3 Rxb3 35. Nxc7 Kf7 36. Nb5 Be5 $15) 29... gxh4
30. Kh2 Rfb8 31. b3 axb3 32. axb3 {All moves starting from gxh4, were quite
logical and almost forced.} Ra2 33. Rfd1 Kf7 {Now ...Rg8 is coming, the
position is pleasant for Black and White has to take measures to decrease
Black's activity.} 34. Rd2 Ra3 $1 35. Kh3 Raxb3 36. Rxb3 Rxb3 37. Kxh4 Kg6 $5
38. Rc2 Rb1 $6 (38... h5 $5 {This seems more strong to me.}) 39. Ng3 $1 {
Somewhere here White offered a draw, but I declined it and decided to play on.}
h5 40. f4 $4 (40. Re2 $1 {This move seems to give a draw finally.} Bf6+ 41. Kh3
Be5 42. Re4 Rc1 43. Rh4 Bf6 44. Re4 {and due to the e4 rook it is very hard to
make any progress.} Kg5 45. Rh4) 40... Bf6+ 41. Kh3 Rb3 $1 (41... h4 42. Ne2
Kf5 43. g4+ Ke4 44. g5 Bb2 $17 {But why does Black need such measures if he
can win easily?}) 42. Kh2 h4 43. Ne2 (43. Ne4 Kf5 $19 44. Nxf6 Kxf6 {and Black
is winning. c4 and f4 are too weak and White's king is cut off.}) 43... Kf5 44.
Ra2 Rb4 $1 45. Ra8 Rxc4 46. Re8 Rb4 47. Re6 Rb3 $1 {The last finesse. Black is
winning.} 48. g4+ hxg3+ 49. Nxg3+ Kg4 $1 50. Ne2 Rb2 51. Kg2 Be5 $1 52. Kf2 (
52. Rg6+ Kf5 53. Rg5+ Kf6 54. Kf3 Bxf4 $19) 52... Bxf4 53. Re7 Kf5 54. Rf7+ Ke5
55. Kf3 Bd2 56. Rxc7 Kxd5 57. Ng3 Rb3+ 58. Kg2 Bf4 59. Ne2 Be5 60. Kf2 Ke4 61.
Rh7 Rf3+ 62. Ke1 d5 63. Kd2 d4 64. Rh4+ Kd5 0-1